000 00869nam a2200253ua 4500
003 CO-ViMGA
005 20230915233144.0
008 100331s2010 ck a gre e 00010 spa d
020 _a9789583034022
040 _aCO-ViMGA
_bspa
_cCO-ViMGA
082 0 4 _aR590.3
_bJ64g
_221
100 1 _aJohnson, Jinny.
_95389
245 1 3 _aLa gran enciclopedia de los animales /
_cJinny Johnson ; traductor Fernando Bort Misol ; ilustradores Graham Allen ... [et al.].
260 3 _aBogotá :
_bPanamericana Ediotrial,
_c2010.
300 _a160 p. :
_bil. ;
_c29 cm.
500 _ailustraciones
650 1 4 _aAnimales
_v Diccionarios.
_95392
650 1 4 _aConducta animal
_v Diccionarios.
_95391
650 1 4 _aZoologĂ­a
_v Diccionarios.
_95390
700 1 _aAllen, Graham,
_eil.
_95394
700 1 _aBort Misol, Fernando,
_etr.
_95393
942 _2ddc
_cBK
949 _ac
_bn
999 _c35965
_d35965